| 000 | 00837nam a2200253 i 4500 | ||
|---|---|---|---|
| 001 | 178438 | ||
| 003 | ES-MaACL | ||
| 005 | 20230906220532.0 | ||
| 008 | 110527s1945 it f |||| |dita d | ||
| 080 | _a75.034(450) | ||
| 100 | 1 |
_aFiocco, Giuseppe. _9146783 |
|
| 245 | 1 | 3 |
_aLa pittura toscana del quattrocento / _cGiuseppe Fiocco. |
| 260 |
_aNovara : _bIstituto geografico De Agostini, _c[1945] |
||
| 300 |
_aXXXIV, 132 p. de lám. ; _c25 cm. |
||
| 490 | 1 |
_aStoria della pittura italiana ; _v3 |
|
| 500 | _aÍndices. | ||
| 504 | _aBibliografía: p. XXX. | ||
| 546 | _aTexto en italiano. | ||
| 650 | 4 |
_aPintura renacentista- _zItalia. _916077 |
|
| 710 | 2 |
_aIstituto geografico De Agostini. _9173295 |
|
| 830 | 0 |
_aStoria della pittura italiana ; _v3 _9190974 |
|
| 852 |
_aES-MaACL _jE-15206 _xOlim P-940 |
||
| 999 |
_c178438 _d178438 |
||